| 000 | 00898cam a2200241 4500 | ||
|---|---|---|---|
| 001 | WB3743-01 | ||
| 008 | 011114n2001 000 0 eng u | ||
| 035 | _a(Sirsi) u115604 | ||
| 245 | _aClarity before access | ||
| 260 | _c2001 | ||
| 490 |
_aRICS Press Release _v(141) 13 November 2001, (2) |
||
| 520 | _aRICS has urged government to resist growing pressure to speed up access to open land in advance of the Countryside and Rights of Way Act, and before necessary mapping is complete. Although the target for implementing access is 2005, RICS believes it will take time and money to complete the necessary changes. | ||
| 590 | _aWB | ||
| 650 | _aRIGHTS OF WAY | ||
| 650 | _aCOMMON LAND | ||
| 650 | _aOPEN LAND | ||
| 650 | _aCOUNTRYSIDE | ||
| 650 | _aACCESS TO THE COUNTRYSIDE | ||
| 650 | _aABOUT RICS | ||
| 650 | _aRURAL AREAS | ||
| 690 |
_aBoundary disputes _96221 |
||
| 942 | _n0 | ||
| 999 |
_c68854 _d68854 |
||